Least Populous Countries - With Exception - Statistics

General Stats
  • This quiz has been taken 36 times
  • The average score is 23 of 35
Answer Stats
Pop. Country % Correct
510 Vatican City
97%
33,660 San Marino
87%
39,327 Liechtenstein
84%
36,470 Monaco
81%
79,824 Andorra
77%
647,599 Luxembourg
77%
627,020 Montenegro
74%
2,79 mil Armenia
71%
405,273 Belize
71%
2,30 mil Lesotho
71%
618,040 Suriname
71%
1,20 mil Eswatini
68%
1,80 mil Kosovo
68%
1,84 mil Latvia
68%
2,76 mil Lithuania
68%
3,27 mil Moldova
68%
3,39 mil Mongolia
68%
1,32 mil Estonia
65%
3,74 mil Georgia
65%
808,726 Guyana
65%
2,12 mil Slovenia
65%
2,84 mil Albania
61%
3,42 mil Uruguay
61%
782,522 Bhutan
58%
3,23 mil Bosnia and Herzegovina
58%
2,09 mil North Macedonia
58%
2,70 mil Gambia
55%
2,71 mil Qatar
55%
1,11 mil Djibouti
52%
1,67 mil Equatorial Guinea
52%
2,63 mil Botswana
48%
2,10 mil Guinea-Bissau
48%
2,38 mil Gabon
45%
2,57 mil Namibia
42%
3,68 mil Eritrea
32%
No matching quizzes found
Score Distribution
Percent of People with Each Score
Percentile by Number Answered
Your Score History
You have not taken this quiz